4-Letter 'BL' Words Quiz Stats

 Plays Quiz Updated Feb 18, 2019

     
Support Sporcle.
Go Orange.
Score 0/21 Timer 03:00
2 Plays Today
Word % Correct
blue
92.2%
blat
91%
blab
90.7%
bled
89.9%
blow
89.4%
blam
89.3%
blew
87.6%
blot
87.6%
blah
87.5%
blip
87.4%
blag
86.4%
Word % Correct
blog
84.9%
blob
83.3%
blaw
82.7%
blae
82.1%
bloc
79.8%
blur
79.3%
blet
78.4%
bleb
76%
blin
75.1%
blub
73.1%

From the Vault

MLB Stadiums

by Derek

Sports 8m
I can't wait til a few years from now when the Yankees are playing at Sporcle Stadium.
Remove Ads.
Support Sporcle.
Get the best of Sporcle when you Go Orange. This ad-free experience offers more features, more stats, and more fun while also helping to support Sporcle. Thank you for becoming a member.

Show Comments

Extras

Top Quizzes Today


Score Distribution

Your Account Isn't Verified!

In order to create a playlist on Sporcle, you need to verify the email address you used during registration. Go to your Sporcle Settings to finish the process.

Report this User

Report this user for behavior that violates our Community Guidelines.

Details: